00500nam a2200145Ia 4500008004100000100002000041245012300061245002000184260003900204260000900243300001000252650001800262650001500280856005900295170221s9999 xx 000 0 und d aThomas P. Boyle aMedia Predictors during the 2012 Presidential Election: Political Understanding, Discussion and Candidate Likeability  cThomas P. Boyle bStudies in Media and Communication c2014 a2 : 1 xCommunication xMedia Arts uhttp://redfame.com/journal/index.php/smc/issue/view/13